[Event "TUR-chT 2nd League"]
[Site "Konya"]
[Date "2022.08.27"]
[Round "8.11"]
[White "Unal, Beren"]
[Black "Ozdemir, Ecenaz"]
[Result "1-0"]
[WhiteElo "1437"]
[BlackElo "1165"]
[PlyCount "95"]
[EventDate "2022.08.22"]
[EventType "team-swiss"]
[EventRounds "9"]
[EventCountry "TUR"]
[SourceTitle "CBM 210 Extra"]
[Source "ChessBase"]
[SourceDate "2022.11.30"]
[SourceVersion "1"]
[SourceVersionDate "2022.11.30"]
[SourceQuality "1"]
[WhiteTeam "Afyonkarahisar Basari"]
[BlackTeam "Karaman Yunus Emre"]
[WhiteTeamCountry "TUR"]
[BlackTeamCountry "TUR"]

1. e4 c5 2. Nf3 d6 3. d4 cxd4 4. Nxd4 Nf6 5. Nc3 a6 6. Be3 e5 7. Nb3 Be6 8. f3 Be7 9. Qd2 Nbd7 10. g4 Nc5 11. 0-0-0 Qc7 12. g5 Nfd7 13. Nxc5 Nxc5 14. Nd5 Bxd5 15. Qxd5 Ne6 16. h4 Rc8 17. Rd2 b5 18. Bh3 Qc4 19. Kb1 Rb8 20. Re1 Qxd5 21. exd5 Nc7 22. f4 f6 23. c3 Kf7 24. Rf1 Ke8 25. Kc2 a5 26. Bg4 Rf8 27. Rg1 f5 28. Bh5+ g6 29. Bd1 e4 30. h5 Kd7 31. Rh1 Na6 32. b3 Nc5 33. Be2 b4 34. Bc4 a4 35. cxb4 axb3+ 36. axb3 Rxb4 37. Kc3 Rfb8 38. Bxc5 dxc5 39. hxg6 hxg6 40. Rh6 R4b6 41. d6 Rxd6 42. Rxg6 Kc7 43. Rg7 Kd8 44. Be6 e3 45. Rxd6+ Bxd6 46. Rd7+ Ke8 47. Rxd6 Ke7 48. Ra6 1-0